[Event "Let's Play Chess!"]
[Site "http://www.queenalice.com/game.php?id=1301882"]
[Date "2014.8.16"]
[Round "-"]
[White "gobblemate"]
[Black "Piotrek"]
[Result "1-0"]
[WhiteElo "1627"]
[BlackElo "1525"]

1. e4 e5 2. Nf3 d6 3. Be2 g6 4. c4 Bg7 5. Nc3 Nf6 6. d4 O-O 7. Qd3 a5 8. O-O
exd4 9. Nxd4 c5 10. Ndb5 Ne8 11. Rd1 Be5 12. f4 Bd4+ 13. Nxd4 cxd4 14. Qxd4 Nc6
15. Qe3 Nb4 16. Qd2 Qb6+ 17. Kh1 Ra6 18. Nd5 Nxd5 19. cxd5 Ra7 20. Qc3 Nf6 21.
Qxf6 Qf2 22. f5 Qxe2 23. Bh6 Qxb2 24. Qxb2 Rd8 25. Qg7# 1-0

[Event "Let's Play Chess!"]
[Site "http://www.queenalice.com/game.php?id=1306377"]
[Date "2014.9.6"]
[Round "-"]
[White "carlosufpe"]
[Black "Piotrek"]
[Result "1-0"]
[WhiteElo "1744"]
[BlackElo "1510"]

1. d4 d5 2. e3 g6 3. c4 e6 4. cxd5 exd5 5. Nf3 Bb4+ 6. Bd2 Bxd2+ 7. Nbxd2 Nf6 8.
Be2 c6 9. O-O O-O 10. Qc2 Bf5 11. Bd3 Bxd3 12. Qxd3 b5 13. e4 dxe4 14. Nxe4 Nxe4
15. Qxe4 a5 16. b3 a4 17. Qc2 axb3 18. axb3 Rxa1 19. Rxa1 Qb6 20. Qc5 Qxc5 21.
dxc5 Rd8 22. b4 Re8 23. g3 Nd7 24. Ra7 Ne5 25. Nxe5 Rxe5 26. Rc7 Re6 27. h4 h5
28. Kg2 Kg7 29. Rb7 Re4 30. Rc7 Rxb4 31. Rxc6 Rc4 32. Kh2 b4 33. Rb6 f5 34. c6
b3 35. Rxb3 Rxc6 36. Kg2 Rc4 37. Rb7+ Kh6 38. Rb6 f4 39. Rf6 fxg3 40. fxg3 Rc5
41. Kh3 Kg7 42. Ra6 Kh6 43. Rd6 Rf5 44. Re6 Kg7 45. Ra6 g5 46. hxg5 Rxg5 47. Ra4
Kh6 48. Ra6+ Rg6 49. Rxg6+ 1-0

[Event "Let's Play Chess!"]
[Site "http://www.queenalice.com/game.php?id=1308558"]
[Date "2014.9.16"]
[Round "-"]
[White "igorjava"]
[Black "Piotrek"]
[Result "1-0"]
[WhiteElo "1951"]
[BlackElo "1415"]

1. e4 e5 2. f4 d6 3. Nf3 Nf6 4. Nc3 exf4 5. d4 d5 6. exd5 Nxd5 7. Nxd5 Qxd5 8.
c4 Bb4+ 9. Bd2 Qe4+ 10. Qe2 Bxd2+ 11. Kxd2 Qxe2+ 12. Bxe2 O-O 13. h3 Nc6 14. d5
Ne7 15. Rhf1 Ng6 16. Bd3 c6 17. dxc6 bxc6 18. Bxg6 hxg6 19. Ne5 Bb7 20. Rxf4 c5
21. g4 Rad8+ 22. Kc3 g5 23. Rf2 f6 24. Nd3 Be4 25. Nxc5 Rfe8 26. Nxe4 Rxe4 27.
Rf3 Rdd4 28. b3 a5 29. Raf1 a4 30. R1f2 axb3 31. axb3 Kh7 32. c5 Rd5 33. b4 Rdd4
34. Rb2 Rc4+ 35. Kd2 Red4+ 36. Ke2 Rxb4 37. Rxb4 Rxb4 38. Rc3 f5 39. gxf5 Re4+
40. Kf3 Rf4+ 41. Kg3 Rxf5 42. c6 Rf8 43. c7 Rc8 44. Kg4 Kh6 45. Rc6+ g6 46. Rc5
Kg7 47. Kxg5 Kh7 48. Rc6 Kg7 49. h4 Kh7 50. Kg4 Kh6 51. h5 Rxc7 52. Rxc7 1-0

[Event "Let's Play Chess!"]
[Site "http://www.queenalice.com/game.php?id=1308999"]
[Date "2014.9.18"]
[Round "-"]
[White "Piotrek"]
[Black "Nikita"]
[Result "1-0"]
[WhiteElo "1505"]
[BlackElo "1553"]

1. d4 e6 2. e4 Nf6 3. e5 Ne4 4. Nh3 Nc6 5. Bb5 a6 6. Bxc6 dxc6 7. O-O f6 8. Nc3
Nxc3 9. bxc3 fxe5 10. dxe5 Qh4 11. Bg5 Qe4 12. Re1 Qf5 13. Qd8+ Kf7 14. Be7 Kg6
15. g3 Qf7 16. Nf4+ Kh6 17. Bg5# 1-0

[Event "Challenge"]
[Site "http://www.queenalice.com/game.php?id=1309075"]
[Date "2014.9.18"]
[Round "-"]
[White "Rogerio11"]
[Black "Piotrek"]
[Result "0-1"]
[WhiteElo "1129"]
[BlackElo "1486"]

1. e4 e5 2. Bc4 Nf6 3. Nf3 d6 4. d3 c6 5. Nc3 b5 6. Bb3 a5 7. Bg5 Be7 8. Nh4 a4
9. Bxf6 Bxf6 10. Nf5 axb3 11. cxb3 Bxf5 12. exf5 d5 13. O-O b4 14. f3 bxc3 15.
bxc3 e4 16. dxe4 Bxc3 17. Rc1 Qb6+ 18. Kh1 Bb4 19. exd5 O-O 20. dxc6 Nxc6 21. g4
Rxa2 22. Qd5 Nd4 23. Rcd1 Rd8 0-1

[Event "Let's Play Chess!"]
[Site "http://www.queenalice.com/game.php?id=1311088"]
[Date "2014.9.28"]
[Round "-"]
[White "Piotrek"]
[Black "spawnwolfwolverine"]
[Result "0-1"]
[WhiteElo "1497"]
[BlackElo "1674"]

1. d4 d5 2. g3 e6 3. Bg2 Nf6 4. Bg5 Be7 5. Nf3 O-O 6. O-O b6 7. c3 Ba6 8. a4
Nbd7 9. b4 Bb7 10. a5 c5 11. a6 Bxa6 12. Rxa6 cxb4 13. cxb4 Ne4 14. Bxe7 Qxe7
15. Qa4 g6 16. Rxa7 Rxa7 17. Qxa7 f6 18. Nbd2 Nxd2 19. Nxd2 Rd8 20. e4 dxe4 21.
Nxe4 h6 22. Qc7 f5 23. Nf6+ Qxf6 24. Bc6 Qe7 25. d5 exd5 26. Bxd5+ Kg7 0-1

[Event "Let's Play Chess!"]
[Site "http://www.queenalice.com/game.php?id=1315203"]
[Date "2014.10.13"]
[Round "-"]
[White "Taurus"]
[Black "Piotrek"]
[Result "1-0"]
[WhiteElo "2101"]
[BlackElo "1503"]

1. d4 d5 2. c4 c6 3. Nc3 dxc4 4. e4 b5 5. Nf3 g6 6. g3 Bg7 7. Bg2 a5 8. O-O Bg4
9. Be3 b4 10. Ne2 Nh6 11. Qc2 c5 12. dxc5 Qd3 13. Qa4+ Bd7 14. Qd1 Bxb2 15. Rb1
Qxd1 16. Rbxd1 Ba4 17. Rb1 c3 18. Bc1 c2 19. Rxb2 O-O 20. Bxh6 Rc8 21. Be3 Na6
22. Rc1 Nxc5 23. Bxc5 1-0

[Event "Challenge"]
[Site "http://www.queenalice.com/game.php?id=1315212"]
[Date "2014.10.13"]
[Round "-"]
[White "Piotrek"]
[Black "Taurus"]
[Result "0-1"]
[WhiteElo "1501"]
[BlackElo "2102"]

1. d4 Nf6 2. g3 d5 3. Bg2 Bg4 4. b4 e6 5. c3 h6 6. a4 Be7 7. b5 c6 8. bxc6 Nxc6
9. Ba3 O-O 10. Bxe7 Qxe7 11. h3 Bh5 12. Bf3 Bg6 13. Bg2 Rac8 14. Nf3 Qc7 15. O-O
Ne4 16. Nbd2 Nxc3 17. e3 Nxd1 18. Rfxd1 Nb4 19. Ne5 a5 20. Rdc1 Qe7 21. Rd1 Nd3
22. Ndf3 Nxe5 23. dxe5 Be4 0-1

[Event "Let's Play Chess!"]
[Site "http://www.queenalice.com/game.php?id=1318296"]
[Date "2014.10.28"]
[Round "-"]
[White "Delbo"]
[Black "Piotrek"]
[Result "1-0"]
[WhiteElo "2241"]
[BlackElo "1512"]

1. d4 d5 2. c4 dxc4 3. e4 b5 4. a4 c6 5. Nc3 g6 6. axb5 a5 7. bxa6 Rxa6 8. Bf4
Rxa1 9. Qxa1 Ba6 10. Bxb8 Qxb8 11. Qxa6 Qxb2 12. Qc8# 1-0

[Event "Challenge"]
[Site "http://www.queenalice.com/game.php?id=1318696"]
[Date "2014.10.28"]
[Round "-"]
[White "gobblemate"]
[Black "Piotrek"]
[Result "1-0"]
[WhiteElo "1850"]
[BlackElo "1499"]

1. d4 d5 2. Nf3 g6 3. c4 dxc4 4. e4 b5 5. Nc3 Ba6 6. Be3 Nf6 7. a4 c6 8. Nd2 Bg7
9. Qf3 b4 10. Na2 b3 11. Nb4 Qb6 12. Nxa6 Nxa6 13. Nxc4 1-0

[Event "Challenge"]
[Site "http://www.queenalice.com/game.php?id=1318697"]
[Date "2014.10.28"]
[Round "-"]
[White "Piotrek"]
[Black "gobblemate"]
[Result "0-1"]
[WhiteElo "1488"]
[BlackElo "1897"]

1. d4 d5 2. g3 Bf5 3. e3 Nf6 4. Bg2 e6 5. Nf3 c5 6. O-O Nc6 7. a4 cxd4 8. exd4
Bd6 9. c3 O-O 10. b4 Ne4 11. b5 Na5 12. Ng5 Nxg5 0-1

[Event "Challenge"]
[Site "http://www.queenalice.com/game.php?id=1318852"]
[Date "2014.10.28"]
[Round "-"]
[White "Piotrek"]
[Black "Lemur"]
[Result "1-0"]
[WhiteElo "1484"]
[BlackElo "1187"]

1. e4 Nf6 2. e5 Nd5 3. c4 Nb4 4. c5 e6 5. d4 Be7 6. g3 O-O 7. Bg2 N8c6 8. a3 Na6
9. b4 f6 10. exf6 Bxf6 11. Nf3 d6 12. b5 dxc5 13. bxc6 bxc6 14. O-O cxd4 15. Bd2
d3 16. Nc3 Nc5 17. Ne1 Rb8 18. Bxc6 a6 19. Ne4 Bxa1 20. Qxa1 Nxe4 21. Bxe4 g6
22. Bc3 Bd7 23. Bh8 Ba4 24. Qg7# 1-0

[Event "Let's Play Chess!"]
[Site "http://www.queenalice.com/game.php?id=1325629"]
[Date "2014.12.1"]
[Round "-"]
[White "Piotrek"]
[Black "Ruusgugg"]
[Result "0-1"]
[WhiteElo "1435"]
[BlackElo "1437"]

1. d4 Nf6 2. g3 d5 3. Bg2 Nc6 4. Nf3 g6 5. c3 Bf5 6. Nh4 Bg4 7. b4 b5 8. a4 g5
9. axb5 Nb8 10. Nf3 h5 11. Bxg5 a5 12. bxa5 Ne4 13. Ne5 f6 14. Nxg4 hxg4 0-1

[Event "Let's Play Chess!"]
[Site "http://www.queenalice.com/game.php?id=1325830"]
[Date "2014.12.2"]
[Round "-"]
[White "Rider"]
[Black "Piotrek"]
[Result "1-0"]
[WhiteElo "1655"]
[BlackElo "1443"]

1. e4 e5 2. d4 Qh4 3. Nc3 Bb4 4. Bd2 Qxe4+ 5. Nge2 exd4 6. Nxe4 Bxd2+ 7. Qxd2
Nc6 8. Nxd4 d5 9. Nxc6 bxc6 10. Nc5 g6 11. O-O-O Nf6 12. Re1+ Kf8 13. Qb4 1-0